Complex polynomials /
সংরক্ষণ করুন:
| প্রধান লেখক: | |
|---|---|
| বিন্যাস: | Sách giấy |
| প্রকাশিত: |
Cambridge ; New York :
Cambridge University Press,
2002
|
| মালা: | Cambridge studies in advanced mathematics ;
75 |
| বিষয়গুলি: | |
| অনলাইন ব্যবহার করুন: | Sample text Table of contents Publisher description |
| ট্যাগগুলো: |
ট্যাগ যুক্ত করুন
কোনো ট্যাগ নেই, প্রথমজন হিসাবে ট্যাগ করুন!
|
| Thư viện lưu trữ: | Thư viện Trường Đại học Đà Lạt |
|---|
| LEADER | 01272nam a2200385 4500 | ||
|---|---|---|---|
| 001 | DLU050048070 | ||
| 005 | ##20050721 | ||
| 008 | ##011025s2002 enk b 001 0 eng | ||
| 010 | # | # | |a 2001052690 |
| 020 | # | # | |a 0521400686 |
| 040 | # | # | |a DLC |c DLC |d DLC |
| 042 | # | # | |a pcc |
| 050 | # | # | |a QA161.P59 |b S45 2002 |
| 082 | # | # | |a 512.942 |b SM-T |
| 100 | # | # | |a Sheil-Small, T. |q (Terence), |d 1937- |
| 245 | # | # | |a Complex polynomials / |c T. Sheil-Small |
| 260 | # | # | |a Cambridge ; |a New York : |b Cambridge University Press, |c 2002 |
| 300 | # | # | |a xix, 428 p. ; |c 24 cm. |
| 440 | # | # | |a Cambridge studies in advanced mathematics ; |v 75 |
| 504 | # | # | |a Includes bibliographical references (p. 416-419) and index. |
| 650 | # | # | |a Functions of complex variables. |
| 650 | # | # | |a Polynomials. |
| 856 | # | # | |3 Sample text |u http://www.loc.gov/catdir/samples/cam033/2001052690.html |
| 856 | # | # | |3 Table of contents |u http://www.loc.gov/catdir/toc/cam027/2001052690.html |
| 856 | # | # | |3 Publisher description |u http://www.loc.gov/catdir/description/cam022/2001052690.html |
| 923 | # | # | |a 21/2005 |
| 992 | # | # | |a 22400 |
| 994 | # | # | |a DLU |
| 900 | # | # | |a True |
| 911 | # | # | |a Nguyễn Thị Tố Hạnh |
| 925 | # | # | |a G |
| 926 | # | # | |a A |
| 927 | # | # | |a SH |
| 980 | # | # | |a Thư viện Trường Đại học Đà Lạt |


